Anagram Challenge #8 - Statistics

General Stats
  • This quiz has been taken 200 times
  • The average score is 21 of 30
Answer Stats
Hint Answer % Correct
Thin pancake Crepe
94%
Cook's working area Kitchen
94%
Move stealthily Creep
93%
The City of Light Paris
92%
= Equals
90%
Couples, twosomes Pairs
90%
Hammer, saw etc. Tool
90%
Plunder, pillage Loot
88%
Vacated the premises Left
87%
Touched Felt
86%
Letter deliverer Postman
85%
Eliminate curls Straighten
85%
Porcine cry Squeal
84%
Purchases Buys
81%
Orator's delivery Speech
81%
Chick sounds Cheeps
80%
Hard at work Busy
79%
Feminine products Tampons
70%
What a plot may do Thicken
69%
Language variations Dialects
67%
Lethal Weapon's Danny Glover
57%
Easiest, most basic Simplest
56%
Making baa-ing sounds Bleating
51%
Beg shamelessly Grovel
48%
High fortresses Citadels
37%
Actual, physical Tangible
34%
Completely without pity Merciless
27%
Smashing into pieces Shattering
27%
Free of lawbreaking Crimeless
22%
Wrote "Switzrland" Misspelt
19%
No matching quizzes found
Score Distribution
Percent of People with Each Score
Percentile by Number Answered
Your Score History
You have not taken this quiz